[Event "CZE-chT2B 1516"]
[Site "Czech Republic"]
[Date "2015.12.06"]
[Round "4.8"]
[White "Lacha, Josef"]
[Black "Rigo, Imrich"]
[Result "1/2-1/2"]
[WhiteElo "2004"]
[BlackElo "1980"]
[PlyCount "55"]
[EventDate "2015.10.18"]
[EventType "team-tourn"]
[EventRounds "11"]
[EventCountry "CZE"]
[SourceTitle "EXT 2022"]
[Source "ChessBase"]
[SourceDate "2021.10.06"]
[SourceVersion "1"]
[SourceVersionDate "2021.10.06"]
[SourceQuality "1"]
[WhiteTeam "Litomerice"]
[BlackTeam "Bakov nad Jizerou"]
[WhiteTeamCountry "CZE"]
[BlackTeamCountry "CZE"]

1. d4 Nf6 2. Nf3 d5 3. Bg5 Ne4 4. Bf4 c6 5. c3 Nd7 6. e3 Ndf6 7. Ne5 g6 8. Be2 Qb6 9. Qb3 Bg7 10. 0-0 0-0 11. c4 dxc4 12. Nxc4 Qxb3 13. axb3 Nd5 14. Bg3 Nxg3 15. hxg3 Bf5 16. Nbd2 Nb4 17. Ra4 Na6 18. Rfa1 Bc8 19. Ne5 c5 20. Ndf3 cxd4 21. exd4 Rd8 22. b4 Bd7 23. b5 Nc7 24. Rxa7 Rxa7 25. Rxa7 Bxb5 26. Bxb5 Nxb5 27. Rxb7 Nxd4 28. Rxe7 1/2-1/2

[Event "CZE-chT1W 1415"]
[Site "Czech Republic"]
[Date "2014.11.11"]
[Round "2.7"]
[White "Petrova, Kristyna"]
[Black "Lacha, Josef"]
[Result "1-0"]
[WhiteElo "2249"]
[BlackElo "2003"]
[PlyCount "91"]
[EventDate "2014.10.19"]
[EventType "team-tourn"]
[EventRounds "11"]
[EventCountry "CZE"]
[SourceTitle "EXT 2015"]
[Source "ChessBase"]
[SourceDate "2014.11.20"]
[SourceVersion "1"]
[SourceVersionDate "2014.11.20"]
[SourceQuality "1"]
[WhiteTeam "Unichess"]
[BlackTeam "Unichess II"]
[WhiteTeamCountry "CZE"]
[BlackTeamCountry "CZE"]

1. e4 c5 2. Nf3 e6 3. d4 cxd4 4. Nxd4 a6 5. Bd3 Bc5 6. Nb3 Be7 7. Qg4 g6 8. Qe2 Qc7 9. a4 b6 10. Na3 d6 11. Nc4 Nd7 12. a5 b5 13. Nb6 Rb8 14. Be3 Bb7 15. 0-0 Ngf6 16. Nd2 0-0 17. f4 d5 18. e5 Ne4 19. Nxd7 Qxd7 20. Bd4 f5 21. exf6 Bxf6 22. Nf3 Bxd4+ 23. Nxd4 Rbe8 24. Qe3 Qc7 25. Nb3 e5 26. fxe5 Qxe5 27. Qd4 Qxd4+ 28. Nxd4 Nc5 29. Rxf8+ Kxf8 30. Kf2 Kf7 31. Rf1 Kg7 32. Rd1 Na4 33. b3 Nb2 34. Rb1 Nxd3+ 35. cxd3 Kf6 36. Rc1 Rc8 37. Rxc8 Bxc8 38. Ke3 Ke5 39. Nf3+ Kd6 40. Kd4 b4 41. Ne1 Kc6 42. Nc2 Kb5 43. g3 Be6 44. Ke5 Bg8 45. Kd6 Kxa5 46. Kc5 1-0

[Event "CZE-chT1W 1112"]
[Site "Czech Republic"]
[Date "2012.04.01"]
[Round "11.8"]
[White "Lacha, Josef"]
[Black "Kratochvil, Jakub"]
[Result "1/2-1/2"]
[WhiteElo "2065"]
[BlackElo "2083"]
[PlyCount "143"]
[EventDate "2011.10.02"]
[EventType "team-tourn"]
[EventRounds "11"]
[EventCountry "CZE"]
[SourceTitle "EXT 2013"]
[Source "ChessBase"]
[SourceDate "2012.11.22"]
[SourceVersion "1"]
[SourceVersionDate "2012.11.22"]
[SourceQuality "1"]
[WhiteTeam "Postovni sporitelna II"]
[BlackTeam "Pankrac"]
[WhiteTeamCountry "CZE"]
[BlackTeamCountry "CZE"]

1. c4 Nf6 2. Nc3 g6 3. g3 Bg7 4. Bg2 0-0 5. e3 e5 6. Nge2 d6 7. 0-0 c6 8. d4 Re8 9. dxe5 dxe5 10. Qxd8 Rxd8 11. e4 Be6 12. b3 Na6 13. Ba3 Bf8 14. Bxf8 Kxf8 15. Rad1 Nc5 16. f3 Nd3 17. Rd2 Rd7 18. Rfd1 Rad8 19. Nb1 Ne8 20. Nec3 Nc7 21. Bf1 Nb4 22. Rxd7 Rxd7 23. Rxd7 Bxd7 24. Kf2 Ke7 25. a3 Nc2 26. Bd3 Nd4 27. b4 Nce6 28. Nd2 b6 29. Ke3 g5 30. Ne2 Nxe2 31. Bxe2 Nd4 32. Bd3 f6 33. Bc2 Be6 34. Bd3 Kd6 35. f4 gxf4+ 36. gxf4 Bg4 37. f5 Bd1 38. Nb1 Bh5 39. Nc3 Bf7 40. Kf2 Nb3 41. Nb1 Ke7 42. Ke3 a6 43. Nd2 Nxd2 44. Kxd2 Kf8 45. Ke3 c5 46. bxc5 bxc5 47. Be2 Kg7 48. Kf2 Be8 49. Bd1 Bc6 50. Kf3 Kh6 51. Bc2 Be8 52. Kg3 Bh5 53. Bd3 Bd1 54. Kh4 Kg7 55. Kg3 Kf7 56. Kf2 Ke7 57. Ke1 Bh5 58. Be2 Be8 59. Kd2 Kd6 60. Bd1 Kc7 61. Kc3 Kb6 62. Bc2 Bh5 63. Bd3 Ka5 64. Kb3 Bd1+ 65. Bc2 Be2 66. Kc3 Bh5 67. Kb3 Be8 68. Kc3 Bc6 69. Kb2 Be8 70. Bd1 Bf7 71. Be2 Be8 72. Bd1 1/2-1/2

[Event "CZE-chT1W 1112"]
[Site "Czech Republic"]
[Date "2012.01.15"]
[Round "6.8"]
[White "Lacha, Josef"]
[Black "Turner, Radek"]
[Result "0-1"]
[WhiteElo "2065"]
[BlackElo "2128"]
[PlyCount "40"]
[EventDate "2011.10.02"]
[EventType "team-tourn"]
[EventRounds "11"]
[EventCountry "CZE"]
[SourceTitle "EXT 2013"]
[Source "ChessBase"]
[SourceDate "2012.11.22"]
[SourceVersion "1"]
[SourceVersionDate "2012.11.22"]
[SourceQuality "1"]
[WhiteTeam "Postovni sporitelna II"]
[BlackTeam "Kozolupy"]
[WhiteTeamCountry "CZE"]
[BlackTeamCountry "CZE"]

1. d4 Nf6 2. Nf3 g6 3. c4 Bg7 4. Nc3 0-0 5. e4 d6 6. Be2 e5 7. dxe5 dxe5 8. Qxd8 Rxd8 9. Bg5 c6 10. Nxe5 Re8 11. 0-0-0 Na6 12. f4 Nc5 13. Bf3 h6 14. Bh4 Nh5 15. Bxh5 gxh5 16. Rhe1 Be6 17. b3 Bg4 18. Rd6 Rxe5 19. Re3 Re6 20. e5 Rxd6 0-1

[Event "CZE-chT1W 1112"]
[Site "Czech Republic"]
[Date "2011.10.30"]
[Round "2.8"]
[White "Lacha, Josef"]
[Black "Simek, Petr1111"]
[Result "0-1"]
[WhiteElo "2065"]
[BlackElo "2277"]
[PlyCount "84"]
[EventDate "2011.10.02"]
[EventType "team-tourn"]
[EventRounds "11"]
[EventCountry "CZE"]
[SourceTitle "EXT 2012"]
[Source "ChessBase"]
[SourceDate "2011.11.24"]
[SourceVersion "1"]
[SourceVersionDate "2011.11.24"]
[SourceQuality "1"]
[WhiteTeam "Postovni sporitelna II"]
[BlackTeam "Postovni sporitelna"]
[WhiteTeamCountry "CZE"]
[BlackTeamCountry "CZE"]

1. d4 Nf6 2. Nf3 d5 3. c4 e6 4. cxd5 exd5 5. Nc3 Bb4 6. Bd2 0-0 7. e3 c6 8. Be2 Bf5 9. 0-0 Re8 10. Nh4 Be6 11. f4 Qe7 12. Nf3 Nbd7 13. Ne5 Nf8 14. Qe1 Bf5 15. g4 Bxc3 16. bxc3 Be4 17. g5 N6d7 18. Qg3 f6 19. Nxd7 Nxd7 20. h4 Rf8 21. Kh2 a5 22. c4 dxc4 23. Bxc4+ Kh8 24. a4 Nb6 25. Bb3 Bd5 26. Rfb1 Bxb3 27. Rxb3 Nc4 28. Bc1 Qd7 29. Rab1 Rab8 30. Qh3 f5 31. Qf1 b5 32. axb5 cxb5 33. Qd3 Rfe8 34. Rc3 Qd5 35. Kg3 Rec8 36. Bd2 b4 37. Rcc1 Kg8 38. Be1 Rb6 39. Qe2 Rbc6 40. Bf2 Re8 41. Qa2 Rec8 42. Bg1 Nxe3 0-1

[Event "CZE-chT1W 0910"]
[Site "Czech Republic"]
[Date "2010.04.11"]
[Round "11.5"]
[White "Lacha, Josef"]
[Black "Oresky, Jan"]
[Result "1/2-1/2"]
[WhiteElo "2089"]
[BlackElo "2133"]
[PlyCount "54"]
[EventDate "2009.10.11"]
[EventType "team-tourn"]
[EventRounds "11"]
[EventCountry "CZE"]
[SourceTitle "EXT 2011"]
[Source "ChessBase"]
[SourceDate "2010.11.26"]
[SourceVersion "1"]
[SourceVersionDate "2010.11.26"]
[SourceQuality "1"]
[WhiteTeam "Postovni sporitelna II"]
[BlackTeam "Novoborsky II"]
[WhiteTeamCountry "CZE"]
[BlackTeamCountry "CZE"]

1. d4 Nf6 2. Nf3 g6 3. Bf4 Bg7 4. e3 0-0 5. Be2 d5 6. h3 c5 7. c3 cxd4 8. exd4 Nc6 9. 0-0 Bf5 10. Nbd2 Ne4 11. Nxe4 Bxe4 12. Qd2 Qb6 13. b3 a5 14. Rac1 a4 15. b4 Rfd8 16. Rfd1 Rac8 17. Qb2 Na5 18. Nd2 Bf5 19. g4 Bd7 20. Qc2 Nc4 21. Nxc4 dxc4 22. Re1 e6 23. a3 Qa6 24. Bf3 Bc6 25. Bxc6 Qxc6 26. Qe4 Rd5 27. Rc2 Qb5 1/2-1/2

[Event "CZE-chT1W 0910"]
[Site "Czech Republic"]
[Date "2010.01.10"]
[Round "6.7"]
[White "Vokoun, Jan"]
[Black "Lacha, Josef"]
[Result "1-0"]
[WhiteElo "2208"]
[BlackElo "2089"]
[PlyCount "115"]
[EventDate "2009.10.11"]
[EventType "team-tourn"]
[EventRounds "11"]
[EventCountry "CZE"]
[SourceTitle "EXT 2011"]
[Source "ChessBase"]
[SourceDate "2010.11.26"]
[SourceVersion "1"]
[SourceVersionDate "2010.11.26"]
[SourceQuality "1"]
[WhiteTeam "Praha Pankrac"]
[BlackTeam "Postovni sporitelna II"]
[WhiteTeamCountry "CZE"]
[BlackTeamCountry "CZE"]

1. Nf3 d5 2. g3 g6 3. Bg2 Bg7 4. d4 Nf6 5. c4 c6 6. Nbd2 0-0 7. 0-0 Re8 8. b4 Bf5 9. Bb2 Ne4 10. Qb3 dxc4 11. Nxc4 Be6 12. Qc2 Nd6 13. Ncd2 a5 14. Ng5 Bd7 15. bxa5 Rxa5 16. Ngf3 Be6 17. a4 Nd7 18. e4 Nb6 19. Bc3 Ra8 20. Rfb1 Bc8 21. Qb3 Nd7 22. e5 Nf5 23. e6 fxe6 24. Qxe6+ Kh8 25. Ng5 Nh6 26. Qb3 Nf8 27. Ndf3 Qd6 28. Ne5 Be6 29. Qxb7 Bd5 30. Qb2 Rab8 31. Qe2 Rxb1+ 32. Rxb1 Nd7 33. a5 Nxe5 34. dxe5 Qc5 35. Bb4 Qd4 36. Bxd5 Qxd5 37. Re1 Nf5 38. Qe4 Nd4 39. Qxd5 cxd5 40. Bc5 Nc6 41. Bb6 h6 42. Ne6 Rb8 43. f4 Kg8 44. Nc7 Kf7 45. Nxd5 Nxa5 46. Bxa5 Rb5 47. Nxe7 Rxa5 48. Nc6 Rc5 49. Nd4 g5 50. Kf2 gxf4 51. gxf4 Rc3 52. Re3 Rc4 53. Rd3 Bf8 54. Kf3 Bc5 55. Ke4 Bxd4 56. Rxd4 Rc2 57. Kf5 Rxh2 58. Rd7+ 1-0

[Event "CZE-chT1W 0708"]
[Site "Czech Republic"]
[Date "2008.01.20"]
[Round "6.8"]
[White "Lacha, Josef"]
[Black "Hajek, Jaroslav"]
[Result "1/2-1/2"]
[WhiteElo "2096"]
[BlackElo "1976"]
[PlyCount "40"]
[EventDate "2007.10.28"]
[EventType "team"]
[EventRounds "11"]
[EventCountry "CZE"]
[SourceTitle "EXT 2009"]
[Source "ChessBase"]
[SourceDate "2008.11.26"]
[SourceVersion "1"]
[SourceVersionDate "2008.11.26"]
[SourceQuality "1"]
[WhiteTeam "Praha CSOB"]
[BlackTeam "Zajecice"]
[WhiteTeamCountry "CZE"]
[BlackTeamCountry "CZE"]

1. d4 Nf6 2. Nf3 e6 3. e3 c5 4. Nbd2 d5 5. b3 Nbd7 6. Bb2 Be7 7. Bd3 0-0 8. 0-0 cxd4 9. exd4 b6 10. Re1 Bb7 11. Ne5 g6 12. Re3 Nh5 13. Nxd7 Qxd7 14. Nf3 Rac8 15. a4 a5 16. Ne5 Qc7 17. Rf3 Bb4 18. Rc1 Qe7 19. Bb5 Rc7 20. Ra1 f6 1/2-1/2

[Event "CZE-chT2b 0607"]
[Site "Czech Republic"]
[Date "2007.04.15"]
[Round "11"]
[White "Lacha, Josef"]
[Black "Chmelik, Jiri"]
[Result "1/2-1/2"]
[WhiteElo "2090"]
[BlackElo "2045"]
[PlyCount "22"]
[EventDate "2006.10.15"]
[EventType "team"]
[EventRounds "11"]
[EventCountry "CZE"]
[SourceTitle "EXT 2009"]
[Source "ChessBase"]
[SourceDate "2008.11.26"]
[SourceVersion "1"]
[SourceVersionDate "2008.11.26"]
[SourceQuality "1"]

1. d4 Nf6 2. Nf3 e6 3. Bg5 Be7 4. e3 d5 5. Bd3 b6 6. 0-0 Bb7 7. Ne5 0-0 8. f4 Ne4 9. Bxe7 Qxe7 10. Nd2 f6 11. Nef3 c5 1/2-1/2

[Event "CZE-chT2b 0001"]
[Site "Czech Republic"]
[Date "2001.??.??"]
[Round "?"]
[White "Janda, Eduard"]
[Black "Lacha, Josef"]
[Result "1/2-1/2"]
[WhiteElo "1990"]
[BlackElo "2080"]
[PlyCount "71"]
[EventDate "2000.??.??"]
[EventType "team"]
[EventRounds "11"]
[EventCountry "CZE"]
[SourceTitle "EXT 2003"]
[Source "ChessBase"]
[SourceDate "2002.11.25"]
[SourceVersion "1"]
[SourceVersionDate "2002.11.25"]
[SourceQuality "1"]

1. d4 d5 2. c4 e6 3. Nc3 Nf6 4. Bg5 Nbd7 5. e3 c6 6. Nf3 Be7 7. Rc1 0-0 8. Bd3 Re8 9. 0-0 Nf8 10. Ne5 Ng6 11. f4 dxc4 12. Bxc4 Nd5 13. Nxg6 hxg6 14. Bxe7 Qxe7 15. Qf3 Nxc3 16. Rxc3 Bd7 17. a3 a5 18. Bd3 Rec8 19. Rfc1 Rc7 20. Qf2 Be8 21. Be4 Rac8 22. Qc2 Qd6 23. Qa4 b6 24. b4 axb4 25. axb4 Bd7 26. Qb3 Be8 27. Rc4 Bd7 28. Qa3 Rb8 29. R1c3 Rbc8 30. Bf3 Be8 31. Qa6 Rb8 32. b5 c5 33. dxc5 Qd2 34. h3 Rxc5 35. Rxc5 bxc5 36. Qa3 1/2-1/2

[Event "CZE-chT2b 0001"]
[Site "Czech Republic"]
[Date "2001.??.??"]
[Round "?"]
[White "Janda, Zdenek"]
[Black "Lacha, Josef"]
[Result "1/2-1/2"]
[WhiteElo "2210"]
[BlackElo "2080"]
[PlyCount "124"]
[EventDate "2000.??.??"]
[EventType "team"]
[EventRounds "11"]
[EventCountry "CZE"]
[SourceTitle "EXT 2003"]
[Source "ChessBase"]
[SourceDate "2002.11.25"]
[SourceVersion "1"]
[SourceVersionDate "2002.11.25"]
[SourceQuality "1"]

1. d4 Nf6 2. c4 e6 3. Nc3 d5 4. cxd5 exd5 5. Bg5 Nbd7 6. e3 Be7 7. Bd3 c6 8. Nf3 0-0 9. 0-0 Re8 10. Qc2 Nf8 11. Rab1 Ne4 12. Bxe7 Qxe7 13. b4 a6 14. a4 Ng6 15. b5 axb5 16. axb5 Bg4 17. Bxe4 dxe4 18. Nd2 f5 19. bxc6 bxc6 20. Rb6 Nh4 21. Kh1 Qg5 22. Rg1 Ra1 23. Qb3+ Kh8 24. Rb8 Rxg1+ 25. Kxg1 Qg6 26. Nc4 Bh5 27. Rxe8+ Qxe8 28. Ne5 Qa8 29. h3 h6 30. g4 Qa1+ 31. Nb1 Qa5 32. Nc3 fxg4 33. hxg4 Qa1+ 34. Nb1 Qa5 35. Qd1 Be8 36. Nd2 Qd5 37. Qc2 Nf3+ 38. Ndxf3 exf3 39. Qf5 Kg8 40. Qxf3 Qxf3 41. Nxf3 Kf7 42. Kh2 Ke6 43. e4 Kd6 44. Nd2 Bf7 45. f4 Ba2 46. Kg3 c5 47. e5+ Kd5 48. dxc5 Kxc5 49. f5 Kc6 50. Kf4 Kd7 51. Ne4 Ke7 52. Nc3 Bb3 53. Ke4 Bc2+ 54. Kd4 h5 55. Nd5+ Ke8 56. gxh5 Bxf5 57. Nf4 Ke7 58. Kd5 Bc2 59. Ng6+ Bxg6 60. hxg6 Kd7 61. e6+ Ke7 62. Ke5 Ke8 1/2-1/2

[Event "CZE-chT2b 0001"]
[Site "Czech Republic"]
[Date "2001.??.??"]
[Round "?"]
[White "Lacha, Josef"]
[Black "Vondra, Zbynek"]
[Result "0-1"]
[WhiteElo "2080"]
[BlackElo "1965"]
[PlyCount "78"]
[EventDate "2000.??.??"]
[EventType "team"]
[EventRounds "11"]
[EventCountry "CZE"]
[SourceTitle "EXT 2003"]
[Source "ChessBase"]
[SourceDate "2002.11.25"]
[SourceVersion "1"]
[SourceVersionDate "2002.11.25"]
[SourceQuality "1"]

1. d4 Nf6 2. Nf3 e6 3. Bg5 c5 4. e3 Qb6 5. Qc1 cxd4 6. exd4 Ne4 7. Be3 d5 8. Bd3 Nf6 9. c3 Bd7 10. 0-0 Nc6 11. Ne5 Rc8 12. Qd2 Qc7 13. f4 Bd6 14. Qe2 0-0 15. Nd2 Be8 16. Rae1 a6 17. g4 Na5 18. g5 Ne4 19. Nxe4 dxe4 20. Bxe4 f6 21. Nd3 Nc4 22. Bc1 fxg5 23. fxg5 Rxf1+ 24. Rxf1 e5 25. Bd5+ Kh8 26. Nxe5 Nxe5 27. Qxe5 Bb5 28. Qe6 Bxh2+ 29. Kg2 Bxf1+ 30. Kxf1 Bf4 31. Bxf4 Qxf4+ 32. Ke2 Rf8 33. b4 Qf2+ 34. Kd3 Qf1+ 35. Kc2 b5 36. Qg4 Rf2+ 37. Kb3 Qb1+ 38. Ka3 Qc1+ 39. Kb3 Qb2# 0-1

[Event "CZE-chT2"]
[Site "Czech Republic"]
[Date "1999.??.??"]
[Round "?"]
[White "Chmelik, Jiri"]
[Black "Lacha, Josef"]
[Result "1/2-1/2"]
[WhiteElo "2121"]
[BlackElo "2045"]
[PlyCount "44"]
[EventDate "1999.??.??"]
[EventType "team"]
[EventRounds "11"]
[EventCountry "CZE"]
[SourceTitle "EXT 2003"]
[Source "ChessBase"]
[SourceDate "2002.11.25"]
[SourceVersion "1"]
[SourceVersionDate "2002.11.25"]
[SourceQuality "1"]

1. d4 Nf6 2. c4 e6 3. Nc3 d5 4. Bg5 Nbd7 5. e3 Be7 6. Nf3 0-0 7. Rc1 c6 8. Qc2 Re8 9. Bd3 Nf8 10. 0-0 Ng6 11. Rcd1 dxc4 12. Bxc4 h6 13. Bxf6 Bxf6 14. Bd3 Nf8 15. Ne4 Be7 16. Ne5 f6 17. Nf3 Qc7 18. Nc3 Bd7 19. d5 cxd5 20. Nxd5 Qxc2 21. Nxe7+ Rxe7 22. Bxc2 Bb5 1/2-1/2

[Event "CZE-chT2 9899"]
[Site "Czech Republic"]
[Date "1999.??.??"]
[Round "?"]
[White "Kopta, Pavel"]
[Black "Lacha, Josef"]
[Result "0-1"]
[WhiteElo "2180"]
[BlackElo "2045"]
[PlyCount "92"]
[EventDate "1998.??.??"]
[EventType "team"]
[EventRounds "11"]
[EventCountry "CZE"]
[SourceTitle "EXT 2000"]
[Source "ChessBase"]
[SourceDate "1999.11.16"]
[SourceVersion "1"]
[SourceVersionDate "1999.11.16"]
[SourceQuality "1"]

1. d4 Nf6 2. c4 e6 3. Nc3 d5 4. Bg5 Nbd7 5. e3 Be7 6. cxd5 exd5 7. Bd3 c6 8. Nf3 0-0 9. 0-0 Re8 10. Qc2 Nf8 11. Rab1 Ne4 12. Bxe7 Qxe7 13. Bxe4 dxe4 14. Nd2 f5 15. b4 Be6 16. Rfc1 a6 17. Rb2 Nd7 18. Na4 Bd5 19. Nc5 Nf6 20. Nc4 Bxc4 21. Qxc4+ Kh8 22. a4 f4 23. exf4 e3 24. Nd3 exf2+ 25. Rxf2 Ng4 26. Rf3 Rad8 27. Re1 Qxe1+ 28. Nxe1 Rxe1+ 29. Rf1 Ne3 30. Rxe1 Nxc4 31. Re7 Nd6 32. g4 Kg8 33. f5 Kf8 34. Rc7 Rb8 35. f6 gxf6 36. Rxh7 Nf7 37. Kf2 Re8 38. h4 Re4 39. g5 fxg5 40. hxg5 Rg4 41. Ke3 Rxg5 42. Kd3 Ke7 43. Kc4 Ke6 44. Rh3 Nd6+ 45. Kd3 Kd5 46. Re3 Rh5 0-1